Statistics for Leafs Draft Picks Since 2000

Click here to take the quiz!

General Stats

  • This quiz has been taken 9 times
  • The average score is 30 of 176

Answer Stats

Draft YearRound #OverallPositionAnswer% Correct
2022238CFraser Minten
100%
20204106GArtur Akhtyamov
67%
20206177DAxel Rindell
67%
20227218LWBrandon Lisowsky
67%
20224122GDennis Hildeby
67%
20205137LWDmitry Ovchinnikov
67%
2023128RWEaston Cowan
67%
20235153CHudson Malinoski
67%
20207189DJohn Fusco
67%
2021257LWMatthew Knies
67%
2022395RWNick Moldenhauer
67%
20225135RWNikita Grebenkin
67%
20167182LWNikolai Chebykin
67%
20236185DNoah Chadwick
67%
2020115LWRodion Amirov
67%
2020259CRoni Hirvonen
67%
20207213CRyan Tverberg
67%
2020364DTopi Niemela
67%
20215153RWTy Voit
67%
20206168RWVeeti Miettinen
67%
20165122LWVladimir Bobylev
67%
20216185GVyacheslav Peksa
67%
20204122DWilliam Villeneuve
67%
20207195FWyatt Schingoethe
67%
2016492CAdam Brooks
33%
201611CAuston Matthews
33%
2016257RWCarl Grundstrom
33%
2013382LWCarter Verhaeghe
33%
20145128LWDakota Joshua
33%
20116173LDDennis Robertson
33%
20155125LWDmytro Timashov
33%
2017259DEemili Rasanen
33%
2016231LWEgor Korshkov
33%
20135142LWFabrice Herzog
33%
20185149DFilip Kral
33%
2013121CFrederik Gauthier
33%
2010362CGreg McKegg
33%
20174110GIan Scott
33%
20206180CJoe Miller
33%
2016362GJoseph Woll
33%
2011386RWJosh Leivo
33%
20197204DKalle Loponen
33%
200815RDLuke Schenn
33%
20184118DMac Hollowell
33%
20194115CMikhail Abramov
33%
2019384DMikko Kokkonen
33%
201514RWMitch Marner
33%
201215LDMorgan Rielly
33%
200917CNazem Kadri
33%
2019253LWNick Robertson
33%
20147188RWPierre Engvall
33%
2018129DRasmus Sandin
33%
20176172CRyan McGregor
33%
20177203DRyan O'Connell
33%
2018252DSean Durzi
33%
2018376CSemyon Der-Arguchintsev
33%
20187211RWSemyon Kizimov
33%
2011125LDStuart Percy
33%
2017117DTimothy Liljegren
33%
2015234DTravis Dermott
33%
2005121GTuukka Rask
33%
20127209LDViktor Loov
33%
20174124CVladislav Kara
33%
201418RWWilliam Nylander
33%
20008254RWAlexander Shinkar
0%
2002124FAlexander Steen
0%
20055153RWAlex Berry
0%
20137202LWAndreas Johnsson
0%
20087188LDAndrew MacWilliam
0%
2015365DAndrew Nielsen
0%
20136172GAntoine Bibeau
0%
20057216RDAnton Stralman
0%
20097188DBarron Smith
0%
20074104LWBen Winnett
0%
2000124RWBrad Boyes
0%
2010243LWBrad Ross
0%
2001365DBrendan Bell
0%
20077194LDCarl Gunnarsson
0%
2001117LDCarlo Colaiacovo
0%
20057228CChad Rau
0%
20076164CChris DiDomenico
0%
20126156RWConnor Brown
0%
2007374RWDale Mitchell
0%
20105146RWDaniel Brodin
0%
20116152LWDavid Broll
0%
20024122RDDavid Turon
0%
20045157LDDmitry Vorobiev
0%
2002388LDDominic D'Amour
0%
20125126CDominic Toninato
0%
20095128DEric Knodel
0%
20175141DFedor Gordeev
0%
20117190GGarret Sparks
0%
20086158GGrant Rollheiser
0%
20085128RDGreg Pateryn
0%
20026191DIan White
0%
20017198CIvan Kolozvary
0%
20166152LWJack Walker
0%
2006499GJames Reimer
0%
2009368LWJamie Devane
0%
20017213GJan Chovan
0%
20048252CJan Steber
0%
20028254CJarkko Immonen
0%
20016183RWJaroslav Sklenar
0%
2001382LDJay Harrison
0%
2016372DJ.D. Greenway
0%
2000390GJean-Francois Racine
0%
20009265DJean Philippe Cote
0%
2015261RWJeremy Bracco
0%
20037220RWJeremy Williams
0%
20085130RWJerome Flaake
0%
20096158RWJerry D'Amigo
0%
2015495DJesper Lindgren
0%
2009258DJesse Blacker
0%
2008260RWJimmmy Hayes
0%
2006113CJiri Tlusty
0%
20144103RWJJ Piccinich
0%
20085129CJoel Champagne
0%
20056173LWJohan Dahlberg
0%
2003257DJohn Doherty
0%
20035158CJohn Mitchell
0%
20107182RWJosh Nicholls
0%
20075134CJuraj Mikus
0%
2004390GJustin Pogge
0%
2001239RDKarel Pilar
0%
20164101DKeaton Middleton
0%
2009250RWKenny Ryan
0%
20034125CKonstantin Volkov
0%
20064111RDKorbinian Holzer
0%
2000251CKris Vernarsky
0%
20015134CKyle Wellwood
0%
20066180FLeo Komarov
0%
20007223LDLubos Velebny
0%
20007209RDMarkus Seikola
0%
2003391RWMartin Sagat
0%
2015368RWMartins Dzierkals
0%
2007499RWMatt Frattin
0%
2012235LDMatthew Finn
0%
2002257CMatt Stajan
0%
20117203DMax Everson
0%
20016168LDMaxim Kondratiev
0%
20047220LDMaxim Semenov
0%
20004100CMiguel Delisle
0%
2000370GMikael Tellqvist
0%
20019276FMike Knoepfli
0%
20195146DMike Koster
0%
2008498FMikhail Stefanovich
0%
20194124CNick Abruzzese
0%
2001388CNicolas Corbeil
0%
20166179DNicolas Mattinen
0%
20157185RWNikita Korostelev
0%
2006244LWNikolai Kulemin
0%
20146158LWNolan Vesey
0%
20104116RDPetter Granberg
0%
2005382RDPhil Oreskovic
0%
20049285RWPierce Norton
0%
20186156CPontus Holmberg
0%
2018383CRiley Stotts
0%
2014368LDRinat Valiev
0%
20046187LWRobbie Earl
0%
20044113RWRoman Kukumberg
0%
20126157CRyan Rupert
0%
20105144CSam Carrick
0%
20027222CScott May
0%
20038237CShaun Landolt
0%
2010379LWSondre Olden
0%
20029285LDStaffan Kronwall
0%
20156155DStephen Desrocher
0%
2002374GTodd Ford
0%
20018246LDTomas Mojzis
0%
20114100RDTom Nilsson
0%
20115130CTony Cameranesi
0%
2011122RWTyler Biggs
0%
20066166CTyler Ruegsegger
0%
20006179LWVadim Sozinov
0%
20066161LWViktor Stalberg
0%
20187209GZachary Bouthillier
0%

Score Distribution

Percentile by Number Answered

Percent of People with Each Score

Your Score History

You have not taken this quiz